Sports Quiz

Random Sports Quiz

Steelers Playoff History Quiz Stats

 Plays Quiz not verified by Sporcle

Also try: Athlete Nicknames
Challenge
Share
Tweet
Embed
Score 0/54 Timer 10:00
0 Plays Today
Year/Round Team % Correct
Super Bowl IXMinnesota Vikings
99%
Super Bowl XDallas Cowboys
99%
Super Bowl XIIIDallas Cowboys
99%
Super Bowl XXXDallas Cowboys
99%
1977 AFC DivisionalDenver Broncos
98.1%
1978 AFC DivisionalDenver Broncos
98.1%
1982 AFC First RoundSan Diego Chargers
98.1%
1984 AFC DivisionalDenver Broncos
98.1%
1989 AFC DivisionalDenver Broncos
98.1%
1994 AFC ChampionshipSan Diego Chargers
98.1%
1996 AFC DivisionalNew England Patriots
98.1%
1997 AFC DivisionalNew England Patriots
98.1%
1997 AFC ChampionshipDenver Broncos
98.1%
2001 AFC DivisionalBaltimore Ravens
98.1%
2001 AFC ChampionshipNew England Patriots
98.1%
2004 AFC DivisionalNew York Jets
98.1%
2004 AFC ChampionshipNew England Patriots
98.1%
2005 AFC ChampionshipDenver Broncos
98.1%
2008 AFC DivisionalSan Diego Chargers
98.1%
2008 AFC ChampionshipBaltimore Ravens
98.1%
2010 AFC DivisionalBaltimore Ravens
98.1%
2010 AFC ChampionshipNew York Jets
98.1%
1972 AFC DivisionalOakland Raiders
97.1%
1972 AFC ChampionshipMiami Dolphins
97.1%
1973 AFC Wild CardOakland Raiders
97.1%
1974 AFC ChampionshipOakland Raiders
97.1%
1975 AFC ChampionshipOakland Raiders
97.1%
Year/Round Team % Correct
1976 AFC ChampionshipOakland Raiders
97.1%
1979 AFC DivisionalMiami Dolphins
97.1%
1984 AFC ChampionshipMiami Dolphins
97.1%
1994 AFC DivisionalCleveland Browns
97.1%
1995 AFC ChampionshipIndianapolis Colts
97.1%
1996 AFC Wild CardIndianapolis Colts
97.1%
2002 AFC Wild CardCleveland Browns
97.1%
2005 AFC Wild CardCincinnati Bengals
97.1%
2005 AFC DivisionalIndianapolis Colts
97.1%
Super Bowl XLSeattle Seahawks
97.1%
1978 AFC ChampionshipHouston Oilers
96.2%
1979 AFC ChampionshipHouston Oilers
96.2%
1989 AFC Wild CardHouston Oilers
96.2%
Super Bowl XLVGreen Bay Packers
96.2%
2007 AFC Wild CardJacksonville Jaguars
95.2%
Super Bowl XLIIIArizona Cardinals
95.2%
1974 AFC DivisionalBuffalo Bills
94.2%
1992 AFC DivisionalBuffalo Bills
94.2%
1993 AFC Wild CardKansas City Chiefs
94.2%
1995 AFC DivisionalBuffalo Bills
94.2%
2002 AFC DivisionalTennessee Titans
94.2%
Super Bowl XIVLos Angeles Rams
92.3%
1975 AFC DivisionalBaltimore Colts
81.7%
1976 AFC DivisionalBaltimore Colts
81.7%
1983 AFC DivisionalLos Angeles Raiders
78.8%
1947 Eastern Division PlayoffPhiladelphia Eagles
76.9%
1962 Playoff BowlDetroit Lions
63.5%

You're not logged in!

Compare scores with friends on all Sporcle quizzes.
Join for Free
OR
Log In

You Might Also Like...

Show Comments

Extras

Top Quizzes Today


Score Distribution

Your Account Isn't Verified!

In order to create a playlist on Sporcle, you need to verify the email address you used during registration. Go to your Sporcle Settings to finish the process.

Report this User

Report this user for behavior that violates our Community Guidelines.

Details: